Sports Quiz

Random Sports or NBA Quiz

NBA Player's Original Draft Team Quiz Stats

Quiz not verified by Sporcle

Challenge
Share
Tweet
Embed
Score 0/8 Timer 04:00
0 Plays Today
Question Answer Wrong Answers
What Team Was Shaquille O'Neal Drafted By? Orlando Magic
93.3%
Los Angeles Lakers
5%
Sacramento Kings
0.8%
Boston Kings
0%
What Team Was Kristaps Porzingis Drafted By? New York Knicks
92.4%
Miami Heat
0.8%
Golden State Warriors
2.5%
Toronto Raptors
4.2%
What Team Was Kobe Bryant Drafted By? Charlotte Hornets
88.2%
Los Angeles Lakers
10.1%
Washington Wizards
0.8%
Philadelphia 76ers
0.8%
What Team Was Andrew Wiggins Drafted By? Cleveland Cavaliers
86.6%
Miami Heat
0%
Minnesota Timberwolves
11.8%
Brooklyn Nets
0.8%
What Team Was Harrison Barnes Drafted By? Golden State Warriors
76.5%
Los Angeles Clippers
8.4%
San Antonio Spurs
5%
Charlotte Hornets
10.1%
What Team Was Isaiah Thomas Drafted By? Sacramento Kings
62.2%
Phoenix Suns
15.1%
Undrafted
9.2%
Boston Celtics
12.6%
What Team Was Vince Carter Drafted By? Golden State Warriors
51.3%
Toronto Raptors
34.5%
New Jersey Nets
10.1%
Dallas Mavericks
4.2%
What Team Was Nerlens Noel Drafted By? New Orleans Pelicans
42%
Minnesota Timberwolves
5.9%
Philadelphia 76ers
47.9%
Portland Trailblazers
4.2%

You're not logged in!

Compare scores with friends on all Sporcle quizzes.
Sign Up with Email
OR
Log In

You Might Also Like...

Show Comments

Extras

Top Quizzes Today


Score Distribution

Your Account Isn't Verified!

In order to create a playlist on Sporcle, you need to verify the email address you used during registration. Go to your Sporcle Settings to finish the process.